00305nam a2200133Ia 4500008004100000020001200041082001700053245001900070250001000089260002900099300002200128650001400150856000700164210430s9999 xx 000 0 und d a12/7/11 a547 P 645 O  aStanley H.Pine a1187p aNational Book Foundation aOrganic Chemistry aIslamabad uBK